Consumer preferences and willingness to - pay for water - related residences in non-urban settings: A vignete analysis.

Dopyt obyvateľov po bývaní v blízkosti vodných zdrojov. Ochota rôznych skupín obyvateľstva platiť za tieto obydlia a prípadné zrieknutie sa iných atribútov za možnosť použiť vodné zdroje - použitie vignetovej analýzy. Možnosti stimulovania rastu a uvážené zdaňovanie.

Enregistré dans:
Détails bibliographiques
Auteur principal: Feitelson, E.
Format: Chapitre de livre
Langue:anglais
Sujets:
Tags: Ajouter un tag
Pas de tags, Soyez le premier à ajouter un tag!

MARC

LEADER 00000naa a2200000 4500
001 r011144
005 20221213085211.0
041 0 |a eng 
044 |a GB 
245 1 0 |a Consumer preferences and willingness to - pay for water - related residences in non-urban settings: A vignete analysis.  |c E. Feitelson 
520 |a Dopyt obyvateľov po bývaní v blízkosti vodných zdrojov. Ochota rôznych skupín obyvateľstva platiť za tieto obydlia a prípadné zrieknutie sa iných atribútov za možnosť použiť vodné zdroje - použitie vignetovej analýzy. Možnosti stimulovania rastu a uvážené zdaňovanie. 
610 2 0 |a bývanie 
610 2 0 |a zdroje vodné 
610 2 0 |a poplatky 
610 2 0 |a dane 
610 2 0 |a údaje štatistické 
610 2 0 |a preferencie 
610 2 0 |a obyvateľstvo 
100 1 |a Feitelson, E.